Elementary differential equations (Record no. 19929)

000 -LEADER
fixed length control field 00565nam a22002051 4500
001 - CONTROL NUMBER
control field 19929
003 - CONTROL NUMBER IDENTIFIER
control field BD-DhUET
008 - FIXED-LENGTH DATA ELEMENTS--GENERAL INFORMATION
fixed length control field 840920s1956 maua 000 0 eng
040 ## - CATALOGING SOURCE
Original cataloging agency DLC/ICU
Transcribing agency ICU
Modifying agency BD-DhUET
082 00 - DEWEY DECIMAL CLASSIFICATION NUMBER
Classification number 517.38
Item number MAR/1956
100 ## - MAIN ENTRY--PERSONAL NAME
Personal name Martin, William Ted
245 10 - TITLE STATEMENT
Title Elementary differential equations
250 ## - EDITION STATEMENT
Edition statement 1st ed.
260 ## - PUBLICATION, DISTRIBUTION, ETC. (IMPRINT)
Place of publication, distribution, etc. Massachusetts
Name of publisher, distributor, etc. Addison-Wesley
Date of publication, distribution, etc. 1956
300 ## - PHYSICAL DESCRIPTION
Extent x, 260 p.
Other physical details illus
Dimensions 24 cm.
490 ## - SERIES STATEMENT
Series statement Addison-Wesley series in mathematics
650 #0 - SUBJECT ADDED ENTRY--TOPICAL TERM
Topical term or geographic name as entry element Differential equations
700 ## - ADDED ENTRY--PERSONAL NAME
Personal name Reissner, Eric
942 ## - ADDED ENTRY ELEMENTS (KOHA)
Koha item type General Book
Holdings
Not for loan Withdrawn status Location (home branch) Copy number Koha full call number Shelving location Piece designation (barcode) Lost status Source of classification or shelving scheme Koha normalized classification for sorting Price effective from Koha date last seen Damaged status Date acquired Koha item type Sublocation or collection (holding branch)
  Central Library, BUET1517.38/MAR/1956Circulation section3652  517_380000000000000_MAR_19562015-04-082015-04-08 2015-04-08General BookCentral Library, BUET
  Central Library, BUET2517.38/MAR/1956Circulation section42601  517_380000000000000_MAR_19562015-04-082015-04-08 2015-04-08General BookCentral Library, BUET
  Central Library, BUET3517.38/MAR/1956Circulation section3384  517_380000000000000_MAR_19562015-04-082015-04-08 2015-04-08General BookCentral Library, BUET